[Event "Titled Tuesday intern op 02nd May Late"]
[Site "Chess.com INT"]
[Date "2023.05.02"]
[Round "1"]
[White "Weber, Samuel"]
[Black "Iliaguev, Nisim"]
[Result "0-1"]
[WhiteElo "2296"]
[BlackElo "2402"]
[PlyCount "90"]
[EventDate "2023.05.02"]
[EventType "swiss (blitz)"]
[EventRounds "11"]
[EventCountry "USA"]
[SourceTitle "EXT 2024"]
[Source "ChessBase"]
[SourceDate "2023.10.10"]
[SourceVersion "1"]
[SourceVersionDate "2023.10.10"]
[SourceQuality "1"]

1. e4 c6 2. d4 d5 3. exd5 cxd5 4. Bd3 Nc6 5. c3 Qc7 6. Nf3 Nf6 7. 0-0 Bg4 8. Bg5 e6 9. Nbd2 Be7 10. Qb3 0-0 11. Rae1 h6 12. Bh4 Nh5 13. Bxe7 Qxe7 14. Ne5 Nxe5 15. Rxe5 Nf4 16. Bb1 b6 17. f3 Bh5 18. g3 f6 19. Rxh5 Nxh5 20. Bg6 f5 21. Bxh5 Qg5 22. g4 Qxd2 23. Qd1 Qe3+ 24. Kg2 fxg4 25. Bxg4 Rae8 26. Re1 Qg5 27. h4 Qg6 28. h5 Qg5 29. Re5 Rf5 30. Re2 e5 31. dxe5 Rfxe5 32. Rxe5 Qxe5 33. Kh3 Kh8 34. Qd3 Rd8 35. Qg6 Qf6 36. Qd3 d4 37. cxd4 Qxd4 38. Qe2 Qd1 39. Qe7 Qd6 40. Qxa7 Re8 41. Qf7 Qe7 42. Qg6 Qe3 43. Kg3 Qe5+ 44. Kh3 Qe3 45. Kg3 Kg8 0-1

[Event "Basel Easter op"]
[Site "Basel"]
[Date "2023.04.09"]
[Round "7"]
[White "Weber, Samuel"]
[Black "Langheinrich, Ferenc"]
[Result "1/2-1/2"]
[WhiteElo "2255"]
[BlackElo "2385"]
[PlyCount "145"]
[EventDate "2023.04.06"]
[EventType "swiss"]
[EventRounds "9"]
[EventCountry "SUI"]
[SourceTitle "CBM 213 Extra"]
[Source "ChessBase"]
[SourceDate "2023.05.31"]
[SourceVersion "1"]
[SourceVersionDate "2023.05.31"]
[SourceQuality "1"]

1. c4 c5 2. Nc3 g6 3. g3 Bg7 4. Bg2 Nc6 5. d3 e6 6. h4 h5 7. Nh3 Nge7 8. Bg5 f6 9. Bd2 e5 10. Rb1 d6 11. a3 a5 12. 0-0 Bg4 13. Ne4 a4 14. f3 Be6 15. Nhf2 0-0 16. b4 axb3 17. Rxb3 Qd7 18. f4 exf4 19. Bxf4 Nf5 20. e3 Kh8 21. Qb1 Ra7 22. Nd1 Ne5 23. Ndc3 Ng4 24. Qe1 Qe7 25. Nb5 Ra6 26. Qc1 d5 27. cxd5 Bxd5 28. Rc3 Rc6 29. Re1 c4 30. Nd4 Nxd4 31. exd4 Re6 32. Rf1 f5 33. Nf2 Bxg2 34. Kxg2 Nxf2 35. Rxf2 b5 36. d5 Qb7 37. dxc4 bxc4 38. Rxc4 Qxd5+ 39. Kh2 Rfe8 40. Rc8 Rxc8 41. Qxc8+ Kh7 42. Qc1 Qb3 43. Rd2 Qf3 44. Qd1 Qxa3 45. Qf1 Qc3 46. Qd3 Qc6 47. Qf1 Re4 48. Qg2 Qe6 49. Rc2 Be5 50. Bxe5 Qxe5 51. Kh1 Re1+ 52. Kh2 f4 53. Qf3 fxg3+ 54. Kg2 Kg7 55. Qb7+ Kh6 56. Qf3 Re3 57. Qf8+ Kh7 58. Qf7+ Qg7 59. Rc7 Qxf7 60. Rxf7+ Kh6 61. Kh3 g5 62. hxg5+ Kg6 63. Rf8 h4 64. Rf4 Re5 65. Rxh4 Rxg5 66. Kg2 Kf5 67. Rb4 Rg4 68. Rxg4 Kxg4 69. Kg1 Kf4 70. Kg2 Kg4 71. Kg1 Kf3 72. Kf1 g2+ 73. Kg1 1/2-1/2

[Event "BL2-West 2223"]
[Site "Germany"]
[Date "2023.03.19"]
[Round "10.5"]
[White "Weber, Samuel"]
[Black "Schlecht, Daniel"]
[Result "0-1"]
[WhiteElo "2198"]
[BlackElo "2373"]
[PlyCount "90"]
[EventDate "2022.10.22"]
[EventType "team-tourn"]
[EventRounds "10"]
[EventCountry "GER"]
[SourceTitle "EXT 2024"]
[Source "ChessBase"]
[SourceDate "2023.10.10"]
[SourceVersion "1"]
[SourceVersionDate "2023.10.10"]
[SourceQuality "1"]
[WhiteTeam "Oberursel"]
[BlackTeam "Solingen II"]
[WhiteTeamCountry "GER"]
[BlackTeamCountry "GER"]

1. e4 c5 2. Nf3 d6 3. d4 cxd4 4. Nxd4 Nf6 5. Nc3 a6 6. h3 e5 7. Nde2 h5 8. g3 Be7 9. Bg2 b5 10. Nd5 Nxd5 11. Qxd5 Ra7 12. Be3 Rb7 13. 0-0 Nd7 14. b3 0-0 15. Qd2 Nf6 16. Nc3 Be6 17. f4 b4 18. Nd1 d5 19. f5 Bc8 20. exd5 Rd7 21. c4 bxc3 22. Nxc3 Bb7 23. Qe2 Bb4 24. Ne4 Bxd5 25. Nxf6+ Qxf6 26. Bxd5 Rxd5 27. Qc4 Qd6 28. a3 Bc5 29. Rfe1 e4 30. Kh2 Bxe3 31. Rxe3 Rd2+ 32. Re2 Rd3 33. Rg1 h4 34. Qxe4 hxg3+ 35. Kh1 Rxb3 36. a4 Rc8 37. Qg4 Qf6 38. Reg2 Rc5 39. Re1 Rxf5 40. Qc4 Rbf3 41. Re8+ Kh7 42. Qe4 g6 43. Qe2 Rf1+ 44. Rg1 R1f2 45. Qe7 Rh2# 0-1

[Event "BL2-West 2223"]
[Site "Germany"]
[Date "2023.02.25"]
[Round "7.5"]
[White "Weber, Samuel"]
[Black "Hoenig, Alexander"]
[Result "1/2-1/2"]
[WhiteElo "2198"]
[BlackElo "2214"]
[PlyCount "102"]
[EventDate "2022.10.22"]
[EventType "team-tourn"]
[EventRounds "10"]
[EventCountry "GER"]
[SourceTitle "EXT 2024"]
[Source "ChessBase"]
[SourceDate "2023.10.10"]
[SourceVersion "1"]
[SourceVersionDate "2023.10.10"]
[SourceQuality "1"]
[WhiteTeam "Oberursel"]
[BlackTeam "Muelheim Nord II"]
[WhiteTeamCountry "GER"]
[BlackTeamCountry "GER"]

1. e4 c6 2. d3 d5 3. Nd2 g6 4. Ngf3 Bg7 5. c3 e5 6. g3 Ne7 7. Bg2 0-0 8. 0-0 Na6 9. Nb3 dxe4 10. dxe4 b6 11. Be3 Bb7 12. Qc2 Qc7 13. Rfd1 Rad8 14. Rxd8 Rxd8 15. a4 c5 16. Nbd2 Nc8 17. Nc4 Qe7 18. Nfd2 Nc7 19. f3 Nd6 20. Bf1 Nce8 21. a5 Nxc4 22. Nxc4 Nd6 23. axb6 Nxc4 24. Bxc4 axb6 25. Ra7 Rd7 26. Qb3 Qd6 27. Bxf7+ Rxf7 28. Rxb7 c4 29. Rxb6 Qd3 30. Rb8+ Bf8 31. Qb6 Qd1+ 32. Kg2 Qxf3+ 33. Kh3 Qf1+ 34. Kh4 Kg7 35. Rxf8 Rxf8 36. Qc7+ Rf7 37. Qxe5+ Qf6+ 38. Qxf6+ Kxf6 39. Bd4+ Ke6 40. Kg5 Rb7 41. Kh6 Rxb2 42. Kxh7 Kf7 43. Kh6 Re2 44. Kg5 Rxe4 45. Bh8 Re8 46. Bf6 Ra8 47. Be5 Ra5 48. Kf4 Ke6 49. Bd4 Rf5+ 50. Ke4 g5 51. h3 Rb5 1/2-1/2